Statistics for AFL Premiers By Year

Click here to take the quiz!

General Stats

  • This quiz has been taken 51 times
    (26 since last reset)
  • The average score is 71 of 127

Answer Stats

YearPremiers% Correct
2023Collingwood
78%
1897Essendon
78%
2022Geelong
78%
2021Melbourne
78%
2020Richmond
78%
2017Richmond
78%
2019Richmond
78%
2001Brisbane
67%
2002Brisbane
67%
2003Brisbane
67%
1914Carlton
67%
1906Carlton
67%
1907Carlton
67%
1908Carlton
67%
1915Carlton
67%
1917Collingwood
67%
2010Collingwood
67%
1910Collingwood
67%
1903Collingwood
67%
1902Collingwood
67%
1912Essendon
67%
1911Essendon
67%
2000Essendon
67%
1901Essendon
67%
1899Fitzroy
67%
1898Fitzroy
67%
1904Fitzroy
67%
1913Fitzroy
67%
1905Fitzroy
67%
1916Fitzroy
67%
2009Geelong
67%
1900Melbourne
67%
1909South Melbourne
67%
2012Sydney
67%
2018West Coast
67%
2016Western Bulldogs
67%
1970Carlton
56%
1987Carlton
56%
1938Carlton
56%
1930Collingwood
56%
1936Collingwood
56%
1935Collingwood
56%
1929Collingwood
56%
1928Collingwood
56%
1927Collingwood
56%
1958Collingwood
56%
1919Collingwood
56%
1923Essendon
56%
1924Essendon
56%
1942Essendon
56%
1922Fitzroy
56%
1954Footscray
56%
2011Geelong
56%
2007Geelong
56%
1937Geelong
56%
1931Geelong
56%
1925Geelong
56%
2008Hawthorn
56%
2013Hawthorn
56%
2014Hawthorn
56%
2015Hawthorn
56%
1989Hawthorn
56%
1988Hawthorn
56%
1964Melbourne
56%
1960Melbourne
56%
1956Melbourne
56%
1959Melbourne
56%
1955Melbourne
56%
1941Melbourne
56%
1940Melbourne
56%
1939Melbourne
56%
1957Melbourne
56%
1926Melbourne
56%
1932Richmond
56%
1934Richmond
56%
1943Richmond
56%
1921Richmond
56%
1920Richmond
56%
1933South Melbourne
56%
1918South Melbourne
56%
1966Stkilda
56%
2005Sydney
56%
2006West Coast
56%
1994West Coast
56%
1992West Coast
56%
1997Adelaide
44%
1998Adelaide
44%
1945Carlton
44%
1947Carlton
44%
1982Carlton
44%
1981Carlton
44%
1979Carlton
44%
1972Carlton
44%
1968Carlton
44%
1995Carlton
44%
1953Collingwood
44%
1990Collingwood
44%
1946Essendon
44%
1949Essendon
44%
1950Essendon
44%
1962Essendon
44%
1993Essendon
44%
1984Essendon
44%
1965Essendon
44%
1985Essendon
44%
1944Fitzroy
44%
1951Geelong
44%
1963Geelong
44%
1952Geelong
44%
1971Hawthorn
44%
1976Hawthorn
44%
1978Hawthorn
44%
1961Hawthorn
44%
1983Hawthorn
44%
1986Hawthorn
44%
1991Hawthorn
44%
1948Melbourne
44%
1977North Melbourne
44%
1975North Melbourne
44%
1996North Melbourne
44%
1999North Melbourne
44%
2004Port Adelaide
44%
1980Richmond
44%
1974Richmond
44%
1973Richmond
44%
1969Richmond
44%
1967Richmond
44%

Score Distribution

Percentile by Number Answered

Percent of People with Each Score

Your Score History

You have not taken this quiz since the last reset